000 00712nam a22002657a 4500
001 BR9509159
003 BR-BrBNA
005 20230928095122.0
007 ta
008 230509b bl.||||| |||| 00| 0 por d
040 _aBR-BrBNA
_bpor
_cBiblioteca Nacional de Agricultura
041 _a(Por)
072 _aL01
_b7100
090 _ 7100 BR9509159
100 1 _aWiese, H.
110 1 _aSecretaria da Agricultura e Abastecimento, Florianopolis, SC (Brasil)
_98290
245 1 _aApicultura migratoria
260 3 _aFlorianopolis, SC (Brasil):
_c1981.
300 _a23 p.
500 _a15 ref.; 8 illus.
650 _aAbelha
650 _aCriacao
909 _a202309
_bLucia
_c55
_dLucia Elande
942 _cBK
999 _c54638
_d54638